Score 0/15 Timer 03:00
6 Plays Today
% Correct
Beer
95.5%
Emerald
94.4%
Rainbow
94.2%
Leprechaun
94.1%
Shamrock
94.1%
Tradition
94.1%
Limerick
94%
Ireland
93.7%
% Correct
Parade
93.7%
Saint
93.6%
Luck
93.6%
Charm
93.4%
Green
93.1%
Mischievous
93%
Magical
90.2%
Remove Ads.
Support Sporcle.
Get the best of Sporcle when you Go Orange. This ad-free experience offers more features, more stats, and more fun while also helping to support Sporcle. Thank you for becoming a member.

You're not logged in!

Compare scores with friends on all Sporcle quizzes.
OR
Log In

Show Comments

Extras

Top Quizzes Today


Score Distribution

Your Account Isn't Verified!

In order to create a playlist on Sporcle, you need to verify the email address you used during registration. Go to your Sporcle Settings to finish the process.

Report this User

Report this user for behavior that violates our Community Guidelines.

Details: